Memòria /
Publicado:
Barcelona :
Diputació de Barcelona. Xarxa de Parcs Naturals : Àrea d'Espais Naturals ,
1998
Descripción Física:
29 cm
Materias:
Parc Natural de Sant Llorenç del Munt i l'Obac (Catalunya)
; Barcelona (Catalunya : Província). -- Diputació -- Revistes
; Parcs Naturals -- Barcelona (Catalunya : Província)
; Parcs naturals -- Revistes -- Barcelona (Catalunya : Província)
Idioma:
Catalán
MARC
| LEADER | 00000nam a2200000Ia 4500 | ||
|---|---|---|---|
| 001 | 22027, 22028, 22029, 12044, 12307, 12689, 13092, 14719, 22263, 17694, 21282, 19940, 21781, 22646, 23093, 23435 | ||
| 003 | Arxiu | ||
| 005 | 20260324181054.0 | ||
| 008 | 160829s1994 spc xx s cat c | ||
| 040 | |a AGDB | ||
| 080 | |a FU-53-2, FU-53-3, FU-53-4, C-1-112, C-1-113, C-1-114, C-2-198, C-2-282, C-3-259, C-2-441, C-3-182, C-3-71, C-3-222, C-3-297, C-3-343, C-3-392 | ||
| 110 | 1 | |9 10145 |a Parc Natural de Sant Llorenç del Munt i l'Obac (Catalunya) | |
| 245 | 1 | 0 | |a Memòria / |c Parc Natural de Sant Llorenç del Munt i l'Obac |
| 260 | |a Barcelona : |b Diputació de Barcelona. Xarxa de Parcs Naturals : |b Àrea d'Espais Naturals, |c 1998 - | ||
| 300 | |a 29 cm | ||
| 610 | 1 | 0 | |a Parc Natural de Sant Llorenç del Munt i l'Obac (Catalunya) |9 10145 |
| 610 | 1 | 0 | |a Barcelona (Catalunya : Província). |9 54166 |b Diputació |v Revistes |
| 650 | 0 | |9 49557 |a Parcs Naturals |z Barcelona (Catalunya : Província) | |
| 650 | 0 | |a Parcs naturals |v Revistes |z Barcelona (Catalunya : Província) | |
| 710 | 1 | |a Barcelona (Catalunya : Província). |b Xarxa de Parcs Naturals |9 7250 | |
| 710 | |a Barcelona (Catalunya : Província). |b Àrea d'Espais Naturals |9 9050 | ||
| 866 | |a 1994, 1995, 1996, 1997, 1998, 1999, 2000, 2001, 2002, 2004, 2005, 2006, 2007, 2008, 2009, 2010 | ||
| 901 | |a Arxiu | ||
| 942 | |n 1 |2 udc |c ARXIU | ||
| 952 | |0 0 |1 0 |4 0 |6 C1112_C1113_C1114_C2198_C3259_C2441_C3182_C371_C3222_C3343_C3392 |7 1 |9 54908 |a Arxiu |b Arxiu |d 2016-12-01 |o C-1-112, C-1-113, C-1-114, C-2-198, C-3-259, C-2-441, C-3-182, C-3-71, C-3-222, C-3-343, C-3-392 |r 2016-12-01 00:00:00 |w 2016-12-01 |y ARXIU | ||
| 952 | |0 0 |1 0 |4 0 |6 C3297 |7 1 |9 65526 |a Arxiu |b Arxiu |d 2023-03-07 |h 2008 |o C-3-297 |p 22646 |r 2023-03-07 00:00:00 |w 2023-03-07 |y ARXIU | ||
| 952 | |0 0 |1 0 |4 0 |6 C3343 |7 1 |9 65608 |a Arxiu |b Arxiu |d 2023-03-14 |h 2009 |l 0 |o C-3-343 |p 23093 |r 2023-03-14 00:00:00 |w 2023-03-14 |y ARXIU | ||
| 952 | |0 0 |1 0 |4 0 |6 FU532 |7 1 |9 65617 |a Arxiu |b Arxiu |d 2023-03-14 |h 1994 |l 0 |o FU-53-2 |p 22027 |r 2023-03-14 00:00:00 |w 2023-03-14 |y ARXIU | ||
| 952 | |0 0 |1 0 |4 0 |6 FU533 |7 1 |9 65618 |a Arxiu |b Arxiu |d 2023-03-14 |h 1995 |l 0 |o FU-53-3 |p 22028 |r 2023-03-14 00:00:00 |w 2023-03-14 |y ARXIU | ||
| 952 | |0 0 |1 0 |4 0 |6 FU534 |7 1 |9 65619 |a Arxiu |b Arxiu |d 2023-03-14 |h 1996 |l 0 |o FU-53-4 |p 22029 |r 2023-03-14 00:00:00 |w 2023-03-14 |y ARXIU | ||
| 999 | |c 58778 |d 58778 | ||